000 01158cam a2200349 a 4500
003 CHAP
005 20220329142111.0
008 990624d1996 mx a r 00010 spa d
010 _a78458
011 _a79430
020 _a9688343773
035 _a89658
040 _cCHAP
082 0 4 _a972 B3
100 0 0 _aBáez Jorge, Félix
_ecomp.
_913255
245 1 0 _aMemorial del etnocidio
_c/comp. por Félix Báez-Jorge
260 _aXalapa, Ver. :
_bUniversidad Veracruzana,
_c1996.
300 _a391 p. :
_bilus.
590 _aBATCH-UPD
_b10
_c20130110
_lUCH01
_h0902
590 _aBATCH-UPD
_b10
_c20130410
_lUCH01
_h0530
590 _aBATCH-UPD
_b10
_c20130914
_lUCH01
_h1632
590 _aCONVERSION
_b10
_c20130109
_lUCH01
_h1343
650 1 4 _aIndios de México
_xCondiciones sociales.
_957626
650 1 4 _aMéxico
_xHistoria
_xIndependencia.
_976761
650 1 4 _aMéxico
_xHistoria
_xPorfiriato.
_976764
650 1 4 _aMéxico
_xHistoria
_xReforma.
_976765
650 1 4 _aMéxico
_xHistoria
_xRevolución.
_976768
901 _aBK
905 _aBlanca M. García O.
942 _cLIBRO
949 _a972 B3
_bBC
_cLIBRO
_d33724000729455
_eLIBRO
_gc/e
_h95831
_i89658
_si
999 _c78458
_d78458